Para una sociología de los entornos y de las redes partidistas /

Este artículo constituye un alegato a favor del análisis societal de los partidos políticos estudiados en el marco de regímenes democráticos. Contrariamente a los trabajos que enfatizan la autonomización de los partidos políticos, se propone recurrir al estudio de las redes sociales para aprehender...

Full description

Bibliographic Details
Main Author: Sawicki, Frédérick
Format: Analitica de revista
Language:Spanish
Published: Santiago, Chile Departamento de Sociología. Universidad de Chile 2011
Subjects:

MARC

LEADER 00000cab a2200000 a 4500
001 042030
003 UAHC_CL
005 20170803124641.0
008 010822b xx j 000 1 spa
040 |a UAHC_CL  |c UAHC_CL  |d UAHC_CL 
100 1 |a Sawicki, Frédérick 
245 1 0 |a Para una sociología de los entornos y de las redes partidistas /  |c Fréderic Sawicki. 
260 |b Departamento de Sociología. Universidad de Chile  |c 2011  |a Santiago, Chile 
300 |a p. 37-53 
500 |a En: Revista de sociología, n˚25, 2011. p. 37-53. ISSN 0716632X. 
500 |a En: Revista de sociología, n°25, 2011. p. 37-53. ISSN 0716632X. 
500 |a En: Revista de sociologÌa, nç25, 2011. p. 37-53. ISSN 0716632X. 
520 |a Este artículo constituye un alegato a favor del análisis societal de los partidos políticos estudiados en el marco de regímenes democráticos. Contrariamente a los trabajos que enfatizan la autonomización de los partidos políticos, se propone recurrir al estudio de las redes sociales para aprehender las fronteras difusas propias de los entornos partidistas. La objetivación de las redes no es una tarea fácil. Por tal razón, el artículo defiende la necesidad de desarrollar análisis localizados y comparativos de lo político, ilustrando esta propuesta a través del caso del Partido Socialista francés. 
520 |a Este artículo constituye un alegato a favor del análisis societal de los partidos políticos estudiados en el marco de regímenes democráticos. Contrariamente a los trabajos que enfatizan la autonomización de los partidos políticos, se propone recurrir al estudio de las redes sociales para aprehender las fronteras difusas propias de los entornos partidistas. La objetivación de las redes no es una tarea fácil. Por tal razón, el artículo defiende la necesidad de desarrollar análisis localizados y comparativos de lo político, ilustrando esta propuesta a través del caso del Partido Socialista francés. 
653 |a SOCIOLOGIA 
759 |a PP143 
773 0 |t Revista del observatorio social de América Latina  |w 042431 
900 |a REVISTA DE SOCIOLOGIA-25/11 
942 |c REVA 
952 |0 0  |1 0  |4 0  |6 REVISTA_DE_SOCIOLOGIA25_11_000000000000000  |7 0  |8 General  |9 78671  |a BC  |b BC  |c General  |d 2017-08-03  |l 0  |o REVISTA DE SOCIOLOGIA-25/11  |p FICTICIO7426  |r 2019-01-08 00:00:00  |t 1  |w 2017-08-03  |y REVA 
999 |c 42030  |d 42030